|
|
|
|
| LEADER |
02532nam a22004575i 4500 |
| 001 |
978-3-8348-9709-1 |
| 003 |
DE-He213 |
| 005 |
20151204161921.0 |
| 007 |
cr nn 008mamaa |
| 008 |
101031s2010 gw | s |||| 0|eng d |
| 020 |
|
|
|a 9783834897091
|9 978-3-8348-9709-1
|
| 024 |
7 |
|
|a 10.1007/978-3-8348-9709-1
|2 doi
|
| 040 |
|
|
|d GrThAP
|
| 050 |
|
4 |
|a QA76.9.C643
|
| 050 |
|
4 |
|a TK5105.5-5105.9
|
| 072 |
|
7 |
|a UT
|2 bicssc
|
| 072 |
|
7 |
|a COM067000
|2 bisacsh
|
| 082 |
0 |
4 |
|a 004.6
|2 23
|
| 100 |
1 |
|
|a Wenning, Bernd-Ludwig.
|e author.
|
| 245 |
1 |
0 |
|a Context-Based Routing in Dynamic Networks
|h [electronic resource] /
|c by Bernd-Ludwig Wenning.
|
| 264 |
|
1 |
|a Wiesbaden :
|b Vieweg+Teubner,
|c 2010.
|
| 300 |
|
|
|a XXV, 187 p. 60 illus.
|b online resource.
|
| 336 |
|
|
|a text
|b txt
|2 rdacontent
|
| 337 |
|
|
|a computer
|b c
|2 rdamedia
|
| 338 |
|
|
|a online resource
|b cr
|2 rdacarrier
|
| 347 |
|
|
|a text file
|b PDF
|2 rda
|
| 505 |
0 |
|
|a State of the Art -- Context-based Routing Protocol Development -- Multi-Criteria Decision Systems -- Analytical Examination of Route Discovery Traffic -- Evaluation in Logistic Networks -- Evaluation inWireless Sensor Networks -- Conclusions and Outlook.
|
| 520 |
|
|
|a Routing in dynamically changing networks is a challenge, especially when the current context, usually consisting of multiple criteria, is used as a quality measure and decision metric. Bernd-Ludwig Wenning presents a context-based routing framework which can be applied to routing in different application domains. The routing framework includes the signaling as well as a decision system that is applied for route selection. The author chooses two application domains to evaluate the routing framework: logistic transportation networks and wireless sensor networks. He shows that this routing framework can be considered as a basis for future research in the area of context-based routing, as it opens manifold directions for further applications and enhancements.
|
| 650 |
|
0 |
|a Computer science.
|
| 650 |
|
0 |
|a Computer organization.
|
| 650 |
|
0 |
|a Computers.
|
| 650 |
1 |
4 |
|a Computer Science.
|
| 650 |
2 |
4 |
|a Computer Systems Organization and Communication Networks.
|
| 650 |
2 |
4 |
|a Information Systems and Communication Service.
|
| 650 |
2 |
4 |
|a Computer Science, general.
|
| 710 |
2 |
|
|a SpringerLink (Online service)
|
| 773 |
0 |
|
|t Springer eBooks
|
| 776 |
0 |
8 |
|i Printed edition:
|z 9783834812957
|
| 856 |
4 |
0 |
|u http://dx.doi.org/10.1007/978-3-8348-9709-1
|z Full Text via HEAL-Link
|
| 912 |
|
|
|a ZDB-2-SCS
|
| 950 |
|
|
|a Computer Science (Springer-11645)
|